[Event "ROM-chT"]
[Site "Oradea"]
[Date "2022.09.23"]
[Round "3.5"]
[White "Antonica, Dragos Andrei"]
[Black "Ungureanu, Vlad"]
[Result "1/2-1/2"]
[WhiteElo "2321"]
[BlackElo "2287"]
[PlyCount "83"]
[EventDate "2022.09.21"]
[EventType "team-tourn"]
[EventRounds "9"]
[EventCountry "ROU"]
[SourceTitle "EXT 2024"]
[Source "ChessBase"]
[SourceDate "2023.10.10"]
[SourceVersion "1"]
[SourceVersionDate "2023.10.10"]
[SourceQuality "1"]
[WhiteTeam "Baia Mare Municipiului"]
[BlackTeam "Iasi Politehnica"]
[WhiteTeamCountry "ROU"]
[BlackTeamCountry "ROU"]

1. d4 Nf6 2. Nf3 d6 3. c4 g6 4. Nc3 Bg7 5. e4 0-0 6. Be2 Nbd7 7. 0-0 e5 8. Be3 Re8 9. Qc2 c6 10. d5 c5 11. Ne1 a6 12. Rb1 h5 13. f3 Kh7 14. b4 Bh6 15. Bxh6 Kxh6 16. Nd3 Qc7 17. Qc1+ Kg7 18. Qa3 cxb4 19. Qxb4 b6 20. Rfc1 Rb8 21. Bd1 Nc5 22. Nxc5 dxc5 23. Qa3 h4 24. Rc2 Nh5 25. Qc1 Qd8 26. Qd2 Nf4 27. Kh1 Qf6 28. Rcb2 Bd7 29. a4 a5 30. Rb3 Red8 31. R3b2 Be8 32. Qe3 Qg5 33. Rd2 Rd6 34. Bc2 Bd7 35. Rg1 Rh8 36. Qe1 Rf6 37. Rf2 Nh5 38. Rgf1 Ng3+ 39. Kg1 Nxf1 40. Rxf1 Qf4 41. h3 Rd6 42. Qc1 1/2-1/2

[Event "ROM-chT"]
[Site "Calimanesti Caciulata"]
[Date "2016.11.22"]
[Round "4.4"]
[White "Dolana, Andrei Theodor"]
[Black "Ungureanu, Vlad"]
[Result "1/2-1/2"]
[WhiteElo "2297"]
[BlackElo "2281"]
[PlyCount "63"]
[EventDate "2016.11.19"]
[EventType "team-tourn"]
[EventRounds "9"]
[EventCountry "ROU"]
[SourceTitle "CBM 175 Extra"]
[Source "ChessBase"]
[SourceDate "2016.12.12"]
[SourceVersion "1"]
[SourceVersionDate "2016.12.12"]
[SourceQuality "1"]
[WhiteTeam "Baia Mare"]
[BlackTeam "Iasi Politehnica"]
[WhiteTeamCountry "ROU"]
[BlackTeamCountry "ROU"]

1. e4 c5 2. Nf3 e6 3. c3 Nc6 4. d4 d5 5. exd5 exd5 6. Bb5 Bd6 7. 0-0 Nge7 8. dxc5 Bxc5 9. Nbd2 0-0 10. Nb3 Bd6 11. Bd3 Bf5 12. Re1 Qd7 13. Be3 Rad8 14. Nbd4 Bg6 15. Qc2 Rfe8 16. Rad1 Nxd4 17. Nxd4 Bb8 18. Bg5 f6 19. Bh4 Bxd3 20. Qxd3 Ng6 21. Bg3 Bxg3 22. Qxg3 Rxe1+ 23. Rxe1 Re8 24. Rxe8+ Qxe8 25. h4 Qe5 26. Qg4 Qe1+ 27. Kh2 Qxf2 28. Qe6+ Kf8 29. Qc8+ Kf7 30. Qe6+ Kf8 31. Qc8+ Kf7 32. Qe6+ 1/2-1/2

[Event "ROM-chT"]
[Site "Calimanesti Caciulata"]
[Date "2016.11.20"]
[Round "2.3"]
[White "Carmaciu, Lucian Catalin"]
[Black "Ungureanu, Vlad"]
[Result "0-1"]
[WhiteElo "2381"]
[BlackElo "2281"]
[PlyCount "124"]
[EventDate "2016.11.19"]
[EventType "team-tourn"]
[EventRounds "9"]
[EventCountry "ROU"]
[SourceTitle "CBM 175 Extra"]
[Source "ChessBase"]
[SourceDate "2016.12.12"]
[SourceVersion "1"]
[SourceVersionDate "2016.12.12"]
[SourceQuality "1"]
[WhiteTeam "Galati"]
[BlackTeam "Iasi Politehnica"]
[WhiteTeamCountry "ROU"]
[BlackTeamCountry "ROU"]

1. e4 c5 2. Nf3 e6 3. d4 cxd4 4. Nxd4 Nf6 5. Nc3 d6 6. Be2 Be7 7. 0-0 0-0 8. Be3 a6 9. f4 Qc7 10. Qe1 Nc6 11. Qg3 d5 12. e5 Nxd4 13. Bxd4 Bc5 14. Bxc5 Qxc5+ 15. Kh1 Ne4 16. Nxe4 dxe4 17. c3 b5 18. Rad1 Bb7 19. Rd4 Rad8 20. Rfd1 Rxd4 21. Rxd4 Bd5 22. a3 f6 23. exf6 Rxf6 24. Qe3 Qd6 25. g3 e5 26. fxe5 Qxe5 27. Kg1 Rf8 28. Rd1 Bb3 29. Rd7 Be6 30. Rd1 Bb3 31. Re1 Re8 32. Bf1 Bf7 33. Bg2 Bg6 34. Rd1 Qe6 35. Qc5 Kh8 36. Qe3 Rf8 37. h3 Re8 38. Kh2 Rf8 39. Qc5 Re8 40. Qe3 Rf8 41. Bf1 h6 42. Be2 Re8 43. Kg2 Bf5 44. g4 Bg6 45. Rd2 Kh7 46. h4 Kh8 47. h5 Bh7 48. g5 hxg5 49. Qxg5 e3 50. Rd8 Be4+ 51. Kg3 Rxd8 52. Qxd8+ Kh7 53. Kf4 Bb1 54. Qd4 Qh6+ 55. Ke5 Qf6+ 56. Kd5 Qf2 57. Qd1 Ba2+ 58. Ke5 Bc4 59. Bf3 e2 60. Be4+ Kh8 61. Qd8+ Bg8 62. h6 Qf6+ 0-1

[Event "ROM-chT "]
[Site "Mamaia"]
[Date "2015.10.03"]
[Round "1.1"]
[White "Toma, Radu Cristian"]
[Black "Ungureanu, Vlad"]
[Result "1-0"]
[WhiteElo "2292"]
[BlackElo "2304"]
[PlyCount "67"]
[EventDate "2015.10.03"]
[EventType "team-tourn"]
[EventRounds "9"]
[EventCountry "ROU"]
[SourceTitle "CBM 168 Extra"]
[Source "ChessBase"]
[SourceDate "2015.10.29"]
[SourceVersion "1"]
[SourceVersionDate "2015.10.29"]
[SourceQuality "1"]
[WhiteTeam "Timisoara Luxten"]
[BlackTeam "Iasi Politehnica"]
[WhiteTeamCountry "ROU"]
[BlackTeamCountry "ROU"]

1. d4 Nf6 2. Nf3 g6 3. g3 Bg7 4. Bg2 0-0 5. c4 d6 6. Nc3 Nbd7 7. 0-0 c6 8. e4 e5 9. b3 Re8 10. Re1 a6 11. Rb1 b5 12. d5 cxd5 13. cxd5 b4 14. Na4 a5 15. Bf1 Nb6 16. h3 Nxa4 17. bxa4 Ba6 18. Bxa6 Rxa6 19. a3 Qd7 20. Kg2 Rc8 21. axb4 axb4 22. Rxb4 Rca8 23. Qb3 Rxa4 24. Rb7 Qc8 25. Ng5 R4a7 26. Rxa7 Rxa7 27. Bd2 Nd7 28. Rc1 Rc7 29. Rxc7 Qxc7 30. Bb4 Nc5 31. Bxc5 dxc5 32. d6 Qd7 33. Qb8+ Bf8 34. Qc7 1-0

[Event "ROM-chT"]
[Site "Mamaia"]
[Date "2013.09.05"]
[Round "6.5"]
[White "Ungureanu, Vlad"]
[Black "Stanciu, Andreea Briana"]
[Result "1/2-1/2"]
[WhiteElo "2374"]
[BlackElo "1779"]
[PlyCount "113"]
[EventDate "2013.08.31"]
[EventType "team-tourn"]
[EventRounds "9"]
[EventCountry "ROU"]
[SourceTitle "CBM 156 Extra"]
[Source "ChessBase"]
[SourceDate "2013.10.22"]
[SourceVersion "1"]
[SourceVersionDate "2013.10.22"]
[SourceQuality "1"]
[WhiteTeam "Iasi Politehnica"]
[BlackTeam "Otopeni"]
[WhiteTeamCountry "ROU"]
[BlackTeamCountry "ROU"]

1. d4 d5 2. c4 e6 3. Nc3 Nf6 4. Nf3 Be7 5. e3 Nbd7 6. Bd3 c6 7. a4 0-0 8. 0-0 b6 9. e4 dxe4 10. Nxe4 Bb7 11. Qc2 h6 12. Rd1 Qc7 13. Nxf6+ Bxf6 14. Be4 Rac8 15. a5 Be7 16. Be3 Rfd8 17. axb6 axb6 18. Ne5 Nxe5 19. dxe5 Rxd1+ 20. Rxd1 Ra8 21. f4 c5 22. h3 Rd8 23. Rxd8+ Bxd8 24. Bxb7 Qxb7 25. f5 Bc7 26. Bf4 Qc6 27. Qd3 Qe8 28. b3 Qc6 29. Kh2 f6 30. Qe3 exf5 31. exf6 Bxf4+ 32. Qxf4 Qxf6 33. h4 g5 34. Qb8+ Kg7 35. h5 Qe6 36. Qc7+ Kf6 37. Qd8+ Kg7 38. Qc7+ Qf7 39. Qe5+ Kg8 40. Kg1 f4 41. Qb8+ Kg7 42. Qxb6 Qxh5 43. Qc7+ Kf6 44. Qd6+ Kg7 45. Qe7+ Kg8 46. Qd6 Qe8 47. Kf1 Qf8 48. Qg6+ Qg7 49. Qe6+ Kh7 50. Qf5+ Qg6 51. Qxc5 Qb1+ 52. Kf2 Qc2+ 53. Kf3 Qd1+ 54. Ke4 Qc2+ 55. Ke5 Qxb3 56. Kf6 Qc3+ 57. Qe5 1/2-1/2

[Event "ROM-chT"]
[Site "Mamaia"]
[Date "2013.09.02"]
[Round "3.5"]
[White "Raceanu, Valentin"]
[Black "Ungureanu, Vlad"]
[Result "1/2-1/2"]
[WhiteElo "2424"]
[BlackElo "2374"]
[PlyCount "79"]
[EventDate "2013.08.31"]
[EventType "team-tourn"]
[EventRounds "9"]
[EventCountry "ROU"]
[SourceTitle "CBM 156 Extra"]
[Source "ChessBase"]
[SourceDate "2013.10.22"]
[SourceVersion "1"]
[SourceVersionDate "2013.10.22"]
[SourceQuality "1"]
[WhiteTeam "Techirghiol Victoria"]
[BlackTeam "Iasi Politehnica"]
[WhiteTeamCountry "ROU"]
[BlackTeamCountry "ROU"]

1. d4 Nf6 2. c4 c5 3. d5 b5 4. cxb5 a6 5. bxa6 g6 6. Nc3 Bxa6 7. Nf3 d6 8. e4 Bxf1 9. Kxf1 Bg7 10. h3 0-0 11. Kg1 Qb6 12. Kh2 Na6 13. Re1 c4 14. Re2 Nc5 15. Be3 Qa5 16. Qc2 Na4 17. Nd4 Nxc3 18. bxc3 Qa4 19. f3 Rfb8 20. Nc6 Rb7 21. Rd1 Nh5 22. g4 Nf6 23. Kg3 Ne8 24. Qxa4 Rxa4 25. Bd4 Bxd4 26. Rxd4 Kf8 27. Nb4 Rc7 28. f4 Ra3 29. Rc2 Rc5 30. e5 Nc7 31. exd6 exd6 32. Re4 Nxd5 33. Nxd5 Rxd5 34. Rxc4 Rd3+ 35. Kg2 Kg7 36. Rd4 Rdxc3 37. Rxc3 Rxc3 38. a4 Ra3 39. h4 h6 40. Rxd6 1/2-1/2

[Event "ROM-chT"]
[Site "Mamaia"]
[Date "2012.09.28"]
[Round "7.4"]
[White "Parligras, Mircea Emilian"]
[Black "Ungureanu, Vlad"]
[Result "1-0"]
[WhiteElo "2618"]
[BlackElo "2372"]
[PlyCount "73"]
[EventDate "2012.09.22"]
[EventType "team-tourn"]
[EventRounds "9"]
[EventCountry "ROU"]
[SourceTitle "CBM 150 Extra"]
[Source "ChessBase"]
[SourceDate "2012.10.19"]
[SourceVersion "1"]
[SourceVersionDate "2012.10.19"]
[SourceQuality "1"]
[WhiteTeam "Timisoara Luxten"]
[BlackTeam "Iasi Politehnica"]
[WhiteTeamCountry "ROU"]
[BlackTeamCountry "ROU"]

1. d4 Nf6 2. c4 g6 3. Nc3 Bg7 4. e4 d6 5. h3 0-0 6. Nf3 c6 7. Be3 a6 8. c5 b6 9. cxb6 Qxb6 10. Qd2 a5 11. Bd3 Na6 12. Rc1 Qb4 13. 0-0 Rb8 14. b3 Nc7 15. Qe2 Bd7 16. Rfd1 Ra8 17. Bd2 Qb6 18. Qe1 Rfe8 19. Na4 Qa7 20. Be3 Qb7 21. Nd2 Be6 22. Nc4 Bxc4 23. bxc4 Nd7 24. Rb1 Qa7 25. e5 d5 26. c5 Rab8 27. Rxb8 Rxb8 28. Rb1 Rxb1 29. Qxb1 f6 30. f4 Bh6 31. Nb6 Nf8 32. Nc8 Qa8 33. Nxe7+ Kf7 34. exf6 Nce6 35. Qc1 Nd7 36. f5 Bxe3+ 37. Qxe3 1-0

[Event "ROM-chT"]
[Site "Mamaia"]
[Date "2012.09.26"]
[Round "5.5"]
[White "Ungureanu, Vlad"]
[Black "Parligras, Cosmin"]
[Result "1/2-1/2"]
[WhiteElo "2372"]
[BlackElo "2305"]
[PlyCount "125"]
[EventDate "2012.09.22"]
[EventType "team-tourn"]
[EventRounds "9"]
[EventCountry "ROU"]
[SourceTitle "CBM 150 Extra"]
[Source "ChessBase"]
[SourceDate "2012.10.19"]
[SourceVersion "1"]
[SourceVersionDate "2012.10.19"]
[SourceQuality "1"]
[WhiteTeam "Iasi Politehnica"]
[BlackTeam "Techirghiol Victoria"]
[WhiteTeamCountry "ROU"]
[BlackTeamCountry "ROU"]

1. d4 Nf6 2. c4 e6 3. Nf3 b6 4. Nc3 Bb7 5. e3 Be7 6. Bd3 d5 7. 0-0 0-0 8. Qe2 Nbd7 9. Rd1 Ne4 10. Nd2 Nef6 11. e4 dxe4 12. Ndxe4 Nxe4 13. Nxe4 Nf6 14. Nc3 Qd7 15. Bf4 g6 16. Bc2 Bd6 17. Be5 Nh5 18. Be4 Bxe4 19. Qxe4 f6 20. Bxd6 cxd6 21. Rac1 Rac8 22. b3 f5 23. Qf3 Nf6 24. Qe2 Kf7 25. b4 Rfd8 26. a4 Qc6 27. Nb5 Rd7 28. Re1 Re8 29. Qa2 a6 30. Nc3 Rc7 31. Ne2 g5 32. b5 axb5 33. cxb5 Qd7 34. Rxc7 Qxc7 35. Rc1 Qd7 36. Rc6 Rc8 37. Qc4 Rxc6 38. bxc6 Qc7 39. Nc1 Nd5 40. Nd3 Ke7 41. Qc1 h6 42. h4 gxh4 43. Kh2 Kd8 44. Qxh6 Qe7 45. Qh8+ Qe8 46. Qxe8+ Kxe8 47. Kh3 Kd8 48. Kxh4 Kc7 49. f3 Kxc6 50. g4 fxg4 51. fxg4 b5 52. a5 b4 53. g5 b3 54. g6 Ne7 55. g7 Nf5+ 56. Kg5 Nxg7 57. Kf6 Kb5 58. Kxg7 e5 59. dxe5 dxe5 60. a6 Kb6 61. Nxe5 Kxa6 62. Nd3 Kb5 63. Kf6 1/2-1/2

[Event "ROM-chT"]
[Site "Mamaia"]
[Date "2012.09.25"]
[Round "4.5"]
[White "Dobre, Claudiu Cristian"]
[Black "Ungureanu, Vlad"]
[Result "0-1"]
[WhiteElo "2315"]
[BlackElo "2372"]
[PlyCount "112"]
[EventDate "2012.09.22"]
[EventType "team-tourn"]
[EventRounds "9"]
[EventCountry "ROU"]
[SourceTitle "CBM 150 Extra"]
[Source "ChessBase"]
[SourceDate "2012.10.19"]
[SourceVersion "1"]
[SourceVersionDate "2012.10.19"]
[SourceQuality "1"]
[WhiteTeam "Ploiesti CSU"]
[BlackTeam "Iasi Politehnica"]
[WhiteTeamCountry "ROU"]
[BlackTeamCountry "ROU"]

1. d4 Nf6 2. Nf3 g6 3. c4 Bg7 4. Nc3 0-0 5. e4 d6 6. Be2 Nbd7 7. 0-0 e5 8. Qc2 Nh5 9. Bg5 Bf6 10. Be3 c6 11. dxe5 dxe5 12. c5 Nf4 13. Bc4 Qe7 14. Ne2 Nxe2+ 15. Bxe2 Re8 16. Nd2 Bg5 17. Bxg5 Qxg5 18. Nc4 Nf8 19. Nd6 Re7 20. Bc4 Be6 21. Rad1 Bxc4 22. Qxc4 Ne6 23. Kh1 h5 24. b4 h4 25. Qc3 Nf4 26. g3 Ne6 27. Nc4 hxg3 28. fxg3 f6 29. Rd6 Kg7 30. Qe3 Qh5 31. Qd3 Rae8 32. Rd7 Nd4 33. Nd6 Qh8 34. Nxe8+ Qxe8 35. Rd6 Re6 36. Rxd4 exd4 37. Qxd4 Qe7 38. Rf4 g5 39. Rg4 Re5 40. Qd6 Kg6 41. h4 Qxd6 42. cxd6 Kf7 43. h5 Ke6 44. h6 Kxd6 45. Kg2 Re7 46. e5+ Kxe5 47. Kf3 Kf5 48. Rd4 Kg6 49. Rd6 Rh7 50. a4 Rxh6 51. b5 cxb5 52. axb5 Rh7 53. b6 a6 54. Rd8 Re7 55. Rb8 Kf5 56. g4+ Ke5 0-1

[Event "ROM-chT"]
[Site "Mamaia"]
[Date "2012.09.22"]
[Round "1.5"]
[White "Ungureanu, Vlad"]
[Black "Manolache, Marius"]
[Result "0-1"]
[WhiteElo "2372"]
[BlackElo "2535"]
[PlyCount "102"]
[EventDate "2012.09.22"]
[EventType "team-tourn"]
[EventRounds "9"]
[EventCountry "ROU"]
[SourceTitle "CBM 150 Extra"]
[Source "ChessBase"]
[SourceDate "2012.10.19"]
[SourceVersion "1"]
[SourceVersionDate "2012.10.19"]
[SourceQuality "1"]
[WhiteTeam "Iasi Politehnica"]
[BlackTeam "Timisoara Medicina"]
[WhiteTeamCountry "ROU"]
[BlackTeamCountry "ROU"]

1. d4 Nf6 2. c4 c5 3. d5 g6 4. Nc3 Bg7 5. e4 d6 6. Nf3 0-0 7. h3 e6 8. Be2 exd5 9. exd5 a6 10. 0-0 Re8 11. Be3 Nbd7 12. Qd2 b5 13. cxb5 Ne4 14. Nxe4 Rxe4 15. Bd3 Rb4 16. Rab1 Nb6 17. Bg5 f6 18. Bh6 axb5 19. Bxg7 Kxg7 20. a3 Nc4 21. Qe2 Rb3 22. Bc2 Rxf3 23. gxf3 Bxh3 24. Rfe1 Ne5 25. f4 Bg4 26. Qxb5 Rb8 27. Qf1 Nf3+ 28. Kg2 Qd7 29. Qh1 Nxe1+ 30. Qxe1 Bf3+ 31. Kxf3 Qh3+ 32. Ke2 Re8+ 33. Kd2 Rxe1 34. Kxe1 Qh1+ 35. Ke2 Qh5+ 36. Ke3 Qxd5 37. Rd1 Qc4 38. Be4 Qb3+ 39. Rd3 Qxb2 40. Rxd6 Qxa3+ 41. Rd3 Qa7 42. Kf3 c4 43. Re3 Qd7 44. f5 h5 45. Bc2 gxf5 46. Ke2 f4 47. Re4 c3 48. Bd3 Qg4+ 49. Ke1 Qg1+ 50. Ke2 Qc1 51. Re7+ Kf8 0-1

[Event "ROM-chT"]
[Site "Brasov"]
[Date "2011.10.13"]
[Round "6.1"]
[White "Ungureanu, Vlad"]
[Black "Bach, Adrian"]
[Result "1-0"]
[WhiteElo "2376"]
[BlackElo "2270"]
[PlyCount "125"]
[EventDate "2011.10.08"]
[EventType "team-tourn"]
[EventRounds "9"]
[EventCountry "ROU"]
[SourceTitle "CBM 144 Extra"]
[Source "ChessBase"]
[SourceDate "2011.10.28"]
[SourceVersion "1"]
[SourceVersionDate "2011.10.28"]
[SourceQuality "1"]
[WhiteTeam "Iasi Politehnica"]
[BlackTeam "Lugoj"]
[WhiteTeamCountry "ROU"]
[BlackTeamCountry "ROU"]

1. d4 Nf6 2. Nf3 g6 3. c4 Bg7 4. Nc3 0-0 5. e4 d6 6. Be2 e5 7. 0-0 Nc6 8. d5 Ne7 9. Ne1 Nd7 10. Nd3 f5 11. Bd2 Nf6 12. f3 c6 13. b4 cxd5 14. cxd5 h5 15. Nf2 Nh7 16. Rc1 a6 17. a4 Bd7 18. a5 b5 19. axb6 Qxb6 20. Na4 Qa7 21. Nb2 fxe4 22. fxe4 Bb5 23. Nc4 Bxc4 24. Rxc4 Bf6 25. Qb3 Bg5 26. Bxg5 Nxg5 27. Qg3 Nh7 28. Kh1 Kh8 29. Nd3 a5 30. Rxf8+ Rxf8 31. bxa5 Qxa5 32. Qe3 Rb8 33. h3 Kg7 34. Kh2 Nf6 35. Qc1 Rb7 36. Bd1 h4 37. Bf3 Qa2 38. Rc7 Qa7 39. Rxb7 Qxb7 40. Qg5 Qc7 41. Nf2 Neg8 42. Qxh4 Qc1 43. Qg3 Qe3 44. Bd1 Qd4 45. Bf3 Kf7 46. Be2 Nxe4 47. Nxe4 Qxe4 48. Bd3 Qxd5 49. Bxg6+ Kf6 50. Bh7 Ne7 51. h4 e4 52. Qf4+ Kg7 53. Bxe4 Qe5 54. Kg3 Qc3+ 55. Kg4 Qc8+ 56. Bf5 Nxf5 57. Qxf5 Qc4+ 58. Qf4 Qe6+ 59. Kf3 Qb3+ 60. Qe3 Qf7+ 61. Kg4 Qc4+ 62. Kg3 d5 63. Qg5+ 1-0

[Event "ROM-chT"]
[Site "Brasov"]
[Date "2011.10.08"]
[Round "1.1"]
[White "Voiteanu, Christian Gabriel"]
[Black "Ungureanu, Vlad"]
[Result "1-0"]
[WhiteElo "2293"]
[BlackElo "2376"]
[PlyCount "63"]
[EventDate "2011.10.08"]
[EventType "team-tourn"]
[EventRounds "9"]
[EventCountry "ROU"]
[SourceTitle "CBM 144 Extra"]
[Source "ChessBase"]
[SourceDate "2011.10.28"]
[SourceVersion "1"]
[SourceVersionDate "2011.10.28"]
[SourceQuality "1"]
[WhiteTeam "Ploiesti Universitar"]
[BlackTeam "Iasi Politehnica"]
[WhiteTeamCountry "ROU"]
[BlackTeamCountry "ROU"]

1. d4 Nf6 2. c4 g6 3. g3 Bg7 4. Bg2 0-0 5. Nc3 d6 6. Nf3 a6 7. 0-0 Nc6 8. e4 e5 9. d5 Ne7 10. Ne1 Nd7 11. Nd3 f5 12. f4 b6 13. fxe5 Nxe5 14. Nxe5 Bxe5 15. Bg5 Rf7 16. Qd2 Qf8 17. Rae1 Bd7 18. Bh3 Re8 19. Ne2 Qg7 20. b4 Kh8 21. Bh6 Qf6 22. Be3 Qg7 23. c5 bxc5 24. bxc5 Bb5 25. Rf2 Bxe2 26. Rexe2 fxe4 27. Bh6 Qg8 28. Be6 Nf5 29. Bxf7 Qxf7 30. g4 Bd4 31. Be3 Bxe3 32. Rxe3 1-0

[Event "ROM-chT"]
[Site "Baile Herculane"]
[Date "2010.09.11"]
[Round "8.45"]
[White "Nevednichy, Vladislav"]
[Black "Ungureanu, Vlad"]
[Result "1/2-1/2"]
[WhiteElo "2577"]
[BlackElo "2370"]
[PlyCount "92"]
[EventDate "2010.09.04"]
[EventType "team-tourn"]
[EventRounds "9"]
[EventCountry "ROU"]
[SourceTitle "EXT 2021"]
[Source "ChessBase"]
[SourceDate "2020.10.23"]
[SourceVersion "1"]
[SourceVersionDate "2020.10.23"]
[SourceQuality "1"]

1. e4 c5 2. Nf3 e6 3. d4 cxd4 4. Nxd4 a6 5. Bd3 Bc5 6. Nb3 Ba7 7. Qe2 d6 8. Be3 Nc6 9. f4 Nf6 10. Bxa7 Rxa7 11. N1d2 e5 12. f5 a5 13. a4 d5 14. 0-0 0-0 15. Bb5 dxe4 16. Nxe4 Nd4 17. Nxf6+ Qxf6 18. Nxd4 exd4 19. Rae1 b6 20. Qe8 Qd8 21. Qxd8 Rxd8 22. Rd1 Rc7 23. c3 Rc5 24. Rxd4 Rxd4 25. cxd4 Rxf5 26. Rc1 Be6 27. Rc6 g6 28. Rxb6 Rd5 29. Bc4 Rxd4 30. Bxe6 fxe6 31. b3 Rd3 32. Rb7 h5 33. h4 Kf8 34. Kf2 e5 35. Rb5 e4 36. g3 Kf7 37. Rxa5 Rf3+ 38. Kg2 Rxb3 39. Re5 Rb2+ 40. Kf1 Rb4 41. a5 Ra4 42. Kf2 Kf6 43. Rg5 Ra3 44. Ke2 Kf7 45. Kd2 Kf6 46. Ke2 Kf7 1/2-1/2

[Event "ROM-chT"]
[Site "Baile Herculane"]
[Date "2010.09.09"]
[Round "6"]
[White "Domanyek, Erno"]
[Black "Ungureanu, Vlad"]
[Result "1-0"]
[WhiteElo "2204"]
[BlackElo "2370"]
[PlyCount "67"]
[EventDate "2010.09.04"]
[EventType "team-tourn"]
[EventRounds "9"]
[EventCountry "ROU"]
[SourceTitle "CBM 138 Extra"]
[Source "ChessBase"]
[SourceDate "2010.10.29"]
[SourceVersion "1"]
[SourceVersionDate "2010.10.29"]
[SourceQuality "1"]

1. e4 c5 2. Nf3 e6 3. d4 cxd4 4. Nxd4 a6 5. Nc3 Qc7 6. Be2 Nf6 7. 0-0 Nc6 8. Be3 b5 9. Kh1 Bb7 10. a3 Na5 11. Qd3 Be7 12. f4 d6 13. Bf3 0-0 14. Rae1 Rac8 15. Bc1 Rfd8 16. g4 Nc6 17. g5 Nxd4 18. Qxd4 Nd7 19. Qf2 Bf8 20. Bg2 Nb6 21. Qh4 Be7 22. Re3 Nd7 23. Rh3 Nf8 24. Qf2 d5 25. f5 Bc5 26. Qh4 exf5 27. exf5 Qe5 28. g6 f6 29. gxh7+ Kh8 30. Qg4 Nd7 31. Bf4 Qd4 32. Rg3 Bf8 33. Qg6 Qc4 34. Bh6 1-0

[Event "ROM-chT"]
[Site "Baile Herculane"]
[Date "2010.09.07"]
[Round "4.25"]
[White "Ardelean, George Catalin"]
[Black "Ungureanu, Vlad"]
[Result "1-0"]
[WhiteElo "2502"]
[BlackElo "2370"]
[PlyCount "70"]
[EventDate "2010.09.04"]
[EventType "team-tourn"]
[EventRounds "9"]
[EventCountry "ROU"]
[SourceTitle "EXT 2021"]
[Source "ChessBase"]
[SourceDate "2020.10.23"]
[SourceVersion "1"]
[SourceVersionDate "2020.10.23"]
[SourceQuality "1"]

1. e4 c5 2. Nf3 e6 3. d4 cxd4 4. Nxd4 a6 5. Nc3 Qc7 6. Be3 Nf6 7. Bd3 b5 8. f4 d6 9. Qf3 Nbd7 10. g4 b4 11. Nce2 Nc5 12. Ng3 e5 13. Ndf5 g6 14. fxe5 dxe5 15. Nh6 Bxh6 16. Bxh6 Nxg4 17. Bd2 Nxd3+ 18. cxd3 f5 19. exf5 Bb7 20. Qxg4 Bxh1 21. Nxh1 Qc6 22. Ng3 0-0 23. Bxb4 Rfd8 24. Qc4+ Qxc4 25. dxc4 Rd4 26. fxg6 hxg6 27. Rc1 Rh4 28. Rc2 Kf7 29. b3 Rah8 30. Nf1 Re4+ 31. Re2 Rxe2+ 32. Kxe2 Ke6 33. Be1 g5 34. Bg3 a5 35. Ne3 a4 1-0

[Event "ROM-ch"]
[Site "Baile Olanesti"]
[Date "2010.02.05"]
[Round "7"]
[White "Dumitrache, Dragos Nicolae"]
[Black "Ungureanu, Vlad"]
[Result "0-1"]
[WhiteElo "2472"]
[BlackElo "2316"]
[PlyCount "114"]
[EventDate "2010.01.31"]
[EventType "swiss"]
[EventRounds "9"]
[EventCountry "ROU"]
[SourceTitle "CBM 134 Extra"]
[Source "ChessBase"]
[SourceDate "2010.03.03"]
[SourceVersion "1"]
[SourceVersionDate "2010.03.03"]
[SourceQuality "1"]

1. d4 Nf6 2. c4 g6 3. Nc3 Bg7 4. e4 d6 5. Nf3 0-0 6. Be2 e5 7. 0-0 Nbd7 8. Be3 Ng4 9. Bg5 f6 10. Bh4 Nh6 11. dxe5 dxe5 12. b4 Nf7 13. c5 c6 14. Qb3 Qe7 15. Rad1 a5 16. a3 axb4 17. axb4 b5 18. Rd6 Nb8 19. Rdd1 Kh8 20. Qb2 Na6 21. Rfe1 Qb7 22. Ra1 Be6 23. Ra5 Nc7 24. Rea1 Rxa5 25. Rxa5 Ra8 26. Qa3 Ra6 27. Nd2 Nd8 28. h3 Qa7 29. Rxa6 Qxa6 30. Qb2 Bg8 31. Bg4 Nce6 32. Nb3 Qa7 33. Kh1 Qd7 34. Na5 h5 35. Bxe6 Nxe6 36. Qc1 Nf4 37. Qd1 Be6 38. Bg3 Qxd1+ 39. Nxd1 Bd7 40. Bxf4 exf4 41. f3 Kg8 42. Nf2 Kf7 43. Nd3 g5 44. h4 gxh4 45. Kh2 f5 46. e5 Ke6 47. Nxf4+ Kxe5 48. Ng6+ Kf6 49. Nf4 Kg5 50. Nd3 f4 51. Nf2 Kf5 52. Ne4 Ke5 53. Kg1 Kd4 54. Kh2 Ke3 55. Nb7 h3 56. Na5 hxg2 57. Kxg2 h4 0-1

[Event "ROM-ch"]
[Site "Baile Olanesti"]
[Date "2010.02.04"]
[Round "6"]
[White "Ungureanu, Vlad"]
[Black "Chirila, Ioan Cristian"]
[Result "1-0"]
[WhiteElo "2316"]
[BlackElo "2504"]
[PlyCount "51"]
[EventDate "2010.01.31"]
[EventType "swiss"]
[EventRounds "9"]
[EventCountry "ROU"]
[SourceTitle "CBM 134 Extra"]
[Source "ChessBase"]
[SourceDate "2010.03.03"]
[SourceVersion "1"]
[SourceVersionDate "2010.03.03"]
[SourceQuality "1"]

1. d4 Nf6 2. c4 c5 3. d5 e6 4. Nc3 exd5 5. cxd5 d6 6. e4 g6 7. f4 Bg7 8. Bb5+ Nfd7 9. a4 0-0 10. Nf3 a6 11. Be2 Re8 12. 0-0 Nf8 13. e5 dxe5 14. fxe5 Nbd7 15. Bg5 Qb6 16. a5 Qxb2 17. Na4 Qb4 18. Rb1 Qxa5 19. e6 fxe6 20. dxe6 Nxe6 21. Bc4 Qc7 22. Re1 Ndf8 23. Nb6 Rb8 24. Bh4 Bh6 25. Nd5 Qf7 26. Ne5 1-0

[Event "ROM-ch"]
[Site "Baile Olanesti"]
[Date "2010.02.03"]
[Round "5"]
[White "Miron, Lucian Costin"]
[Black "Ungureanu, Vlad"]
[Result "1-0"]
[WhiteElo "2478"]
[BlackElo "2316"]
[PlyCount "99"]
[EventDate "2010.01.31"]
[EventType "swiss"]
[EventRounds "9"]
[EventCountry "ROU"]
[SourceTitle "CBM 134 Extra"]
[Source "ChessBase"]
[SourceDate "2010.03.03"]
[SourceVersion "1"]
[SourceVersionDate "2010.03.03"]
[SourceQuality "1"]

1. d4 Nf6 2. c4 g6 3. g3 Bg7 4. Bg2 c5 5. d5 d6 6. Nc3 0-0 7. Nf3 e5 8. 0-0 Ne8 9. e4 f5 10. Bg5 Nf6 11. Qc1 Na6 12. Ne1 Bd7 13. Nd3 Nb4 14. Ne1 Qe8 15. a3 Na6 16. f4 h6 17. Bxf6 Rxf6 18. fxe5 dxe5 19. Nd3 b5 20. cxb5 c4 21. Nxe5 Qxe5 22. bxa6 Rb8 23. Nd1 fxe4 24. Rxf6 Qxf6 25. Qxc4 Qd4+ 26. Qxd4 Bxd4+ 27. Kf1 e3 28. Ke1 Rf8 29. Bf1 Rc8 30. Bd3 Bf5 31. Bxf5 gxf5 32. Ke2 Rc2+ 33. Kf3 Rxh2 34. Nxe3 Rxb2 35. Rd1 Bxe3 36. Kxe3 Kf7 37. Rd3 Ke7 38. Kf4 Kd6 39. Kxf5 h5 40. Ke4 Re2+ 41. Kf4 Rh2 42. Rb3 Rf2+ 43. Kg5 Rh2 44. Rb7 Rg2 45. Kf4 Rf2+ 46. Ke4 Re2+ 47. Kf3 Ra2 48. Rxa7 Rxa3+ 49. Kg2 Kxd5 50. Ra8 1-0